HISTOTOPOCHÉMIA NEŠPECIFICKEJ ESTERÁZY A ALKALICKEJ FOSFATÁZY V SLIZNICI BACHORA JAHNIAT A OVIEC

Bibliographic Details
Main Authors: Pauer, Tibor, 1930-1998 (Author), Jenčíková, J. (Author), Kóňa, Eugen, 1929- (Author)
Format: Article
Language:Slovak

MARC

LEADER 00000nab a2200000 a 4500
001 vtls011111802
003 SK-MaSNL
005 20260303125153.0
008 230218|1969 xo |||||||||||||||||slo|
015 |a SNBRB 
035 |a (uuid)9ab4105e-5da9-4c5a-b9e4-7fa0301fb887 
035 |a (urnnbn)urn:nbn:sk:snk:ar-a08fpx 
035 |a urn:nbn:sk:snk-ab9ibm 
040 |a SNKBUCL  |b slo  |c SNKBUCL  |e AACR2 
041 0 |a slo 
044 |a xo  |c SK 
100 1 |a Pauer, Tibor,  |d 1930-1998  |4 aut  |9 39214 
245 1 0 |a HISTOTOPOCHÉMIA NEŠPECIFICKEJ ESTERÁZY A ALKALICKEJ FOSFATÁZY V SLIZNICI BACHORA JAHNIAT A OVIEC  |c T. Pauer, J. Jenčíková, E. Kóňa 
700 1 |a Jenčíková, J.  |4 aut  |9 1143338 
700 1 |a Kóňa, Eugen,  |d 1929-  |4 aut  |9 39220 
773 0 |t Folia veterinaria  |g Roč. 13, č. 1 (1969), s. 13-19 
954 |a odborná, vedecká literatúra pôvodná (slovenská)  |2 lita 
958 |a OND 
958 |a EUIPO 
958 |a article13 
999 |c 1933366  |d 1935296